Statistiques concernant Les 100 plus gros succés au box office en France

Cliquez ici pour prendre le quiz!

Statistiques générales

  • Ce quiz a été pris 214 fois
    (195 depuis la dernière actualisation)
  • Le résultat moyen est 20 sur 100

Statistiques - réponses

Nombre de spectateursFilm% Correct
20 634 793Titanic
86%
20 489 303Bienvenue chez les Ch'tis
80%
19 490 688Intouchables
72%
14 677 888Avatar
69%
17 267 607La grande vadrouille
69%
7 881 332ET L'Extra-terrestre
48%
10 135 871Le Roi lion
48%
13 782 991Les Visiteurs
45%
9 470 090Harry Potter à l'école des sorciers
44%
9 144 701Harry Potter et la chambre des secrets
42%
10 507 561Star Wars: Le Réveil de la Force
42%
7 731 601Harry Potter et la coupe de feu
41%
7 138 548Harry Potter et le prisonnier d'Azkaban
41%
11 739 783Le Corniaud
40%
12 366 033Qu'est-ce qu'on a fait au Bon Dieu ?
40%
14 559 509Astérix et Obélix: Mission Cléopatre
39%
7 303 131La Menace fantôme
38%
7 247 809La Revanche des Sith
38%
7 076 549Star Wars: Les derniers Jedi
37%
10 355 930Les Bronzés 3: Amis pour la vie
36%
7 393 904Le Seigneur des anneaux: Le Retour du roi
36%
6 981 252Le Seigneur des anneaux: Les Deux tours
36%
6 876 402Le Seigneur des anneaux: La Communauté de l'anneau
35%
10 345 901Taxi 2
35%
8 948 624Astérix et Obélix contre César
32%
6 817 803Asterix aux Jeux Olympiques
30%
11 873 677Cendrillon
30%
9 247 001Le Dîner de cons
30%
7 280 423Aladdin
29%
9 074 317Le Grand bleu
28%
8 043 129Les Visiteurs II - Les Couloirs du temps
25%
8 636 041Le Fabuleux destin d'Amélie Poulain
23%
7 809 334Le Gendarme de Saint Tropez
23%
7 727 697Le Cinquième élément
22%
9 311 689Le Monde de Nemo
22%
7 295 727Les Aventures de Rabbi Jacob
22%
14 563 937Autant en emporte le vent
20%
14 862 764Il était une fois dans l'Ouest
20%
6 828 626Le Gendarme se marie
20%
8 636 016Les Choristes
20%
7 003 902Skyfall
19%
13 826 124Ben Hur
18%
7 185 626Shrek 2
18%
7 084 543Les 101 dalmatiens
17%
7 845 210Ratatouille
17%
8 150 825Rien à déclarer
17%
7 450 944La Famille Bélier
15%
6 642 528L'Age de glace 2
15%
6 657 405Pirates des Caraïbes, le secret du coffre maudit
15%
11 933 629Le Jour le plus long
14%
7 859 751Tarzan
13%
7 803 757L'Age de glace 3 - Le Temps des dinosaures
12%
6 588 883L'Âge de glace: La dérive des continents
11%
13 481 750Le Pont de la rivière Kwai
11%
9 940 533Les Misérables
11%
7 870 802Un indien dans la ville
11%
7 826 393La Vérité si je mens! 2
10%
6 833 195Le Bossu de Notre Dame
10%
6 645 177Manon des sources
10%
9 936 391La Guerre des boutons
9%
12 791 168Le Petit Monde de Don Camillo
9%
14 229 745Les Dix Commandements
9%
6 897 098Les Trois frères
9%
8 719 610West Side Story
9%
7 223 657Jean de Florette
8%
7 079 674La Chèvre
8%
7 799 130Sixième sens
8%
8 893 996Emmanuelle
7%
8 844 199La Vache et le prisonnier
7%
6 588 715Les Minions
7%
9 136 266L'Ours
7%
10 251 465Trois hommes et un couffin
7%
7 280 124Danse avec les loups
6%
8 756 631La Grande évasion
6%
6 675 099Goldfinger
5%
6 598 785Le Cercle des poètes disparus
5%
9 816 054Docteur Jivago
4%
7 092 586Jeanne d'Arc
4%
8 030 641Le Dictateur
4%
7 425 550Le Retour de Don Camillo
4%
10 197 729Les Canons de Navarone
4%
6 986 917Les Grandes vacances
4%
9 619 259Vingt mille lieues sous les mers
3%
6 726 744Fanfan la Tulipe
2%
7 780 642Le Comte de Monte Cristo
2%
7 460 911Les Bidasses en Folie
2%
7 037 826Les Sept mercenaires
2%
6 592 981Sissi
2%
6 986 788Si Versailles m'était conté
2%
9 488 114Sous le plus grand chapiteau du monde
2%
8 649 691Bataillon du ciel
1%
6 810 007Jour de fête
1%
6 944 306Le Salaire de la peur
1%
6 868 854Michel Strogoff
1%
6 781 120Mission spéciale
1%
7 055 290Monsieur Vincent
1%
6 658 693Nous irons à Paris
1%
8 274 596Pour qui sonne le glas
1%
7 116 442Samson et Dalila
1%
8 125 766Violettes impériales
1%

Distribution des résultats

Percentile par nombre de réponses

% des personnes avec chaque résultat

Votre développement - résultats

Vous n’avez pas pris ce quiz depuis la dernière actualisation